000
00270nam a22001217a 4500
008
180927b xxu||||| |||| 00| 0 eng d
041
_a
eng
080
_a
330
100
_a
52
101
_a
MBE
245
_a
Economic/ Hedonic Damages
_c
Brookshire, M.L
942
_2
udc
_c
BK
999
_c
48589
_d
48589